Personnalités communistes - mort subite - Statistiques

Statistiques générales
  • Ce quiz a été pris 811 fois
  • Le résultat moyen est 6 sur 25
Answers on the Grid
Answers color-coded by a green-red scale on the quiz's grid according to % correct below.
Karl Marx
Ronald Reagan
Robespierre
Vladimir Ilitch Lénine
Louis Aragon
Léon Blum
John Lennon
Simón Bolívar
Níkos Zachariádis
Friedrich Engels
Thomas Sankara
Yves Montand
Benito Mussolini
Maurice Thorez
Erich Honecker
Georg Hegel
Ernst Thälmann
Marguerite Duras
Pierre-Joseph Proudhon
Emiliano Zapata
Caspar David Friedrich
Walter Ulbricht
Karl Liebknecht
Mireille Mathieu
Alexandre Soljenitsyne
Che Guevara
Léon Trotski
Martin Luther King
Lech Walesa
François Mitterand
Rosa Luxemburg
Henri Krasucki
Hô Chi Minh
Jean Jaurès
John F. Kennedy
Antonio Gramsci
Simone Signoret
Marie-George Buffet
Giuseppe Ungaretti
Fidel Castro
Josip Broz Tito
Béla Kun
Boris Eltsine
Gandhi
Georges Marchais
 
Statistiques - réponses
Réponse % Correct
Karl Marx
58%
Fidel Castro
52%
Léon Trotski
52%
Che Guevara
49%
Vladimir Ilitch Lénine
45%
Hô Chi Minh
43%
Friedrich Engels
33%
Rosa Luxemburg
33%
Maurice Thorez
30%
Thomas Sankara
28%
Georges Marchais
24%
Josip Broz Tito
20%
Louis Aragon
19%
Antonio Gramsci
18%
Marie-George Buffet
16%
Yves Montand
14%
Ernst Thälmann
11%
Karl Liebknecht
11%
Simone Signoret
10%
Erich Honecker
9%
Henri Krasucki
8%
Béla Kun
7%
Walter Ulbricht
5%
Marguerite Duras
4%
Níkos Zachariádis
2%
Aucun quiz correspondant
Distribution des résultats
% des personnes avec chaque résultat
Percentile par nombre de réponses
Votre historique - résultats
Vous n’avez pas pris ce quiz